| 000 | 00743cam a2200253u 4500 | ||
|---|---|---|---|
| 001 | 76402 | ||
| 003 | BD-RjUL | ||
| 005 | 20211209082833.0 | ||
| 008 | 191202s1951 enka 000 0 eng | ||
| 035 | _a(BD-RjUL)76623 | ||
| 040 |
_aDLC _cCarP _dDLC _beng |
||
| 041 | _aeng | ||
| 043 | _ae-uk--- | ||
| 082 |
_223 _a792.09 _bWHM 1951 |
||
| 100 | 1 |
_aWhitworth, Geoffrey Arundel, _d1883-1951. _9107586 |
|
| 245 | 1 | 4 |
_aThe making of a national theatre./ _cGeoffrey Whitworth |
| 260 |
_aLondon: _bFaber and Faber , _c[1951] |
||
| 300 |
_a308 p. : _billus.; _c23 cm. |
||
| 650 | 0 |
_aTheater _zGreat Britain. _9235859 |
|
| 906 |
_a0 _bcbc _cpremunv _du _encip _f19 _gy-gencatlg |
||
| 942 |
_2ddc _cBK |
||
| 999 |
_c76402 _d76402 |
||